01688nam a2200229 a 4500001001500000005001700015008004100032020003500073020003000108040000600138100001900144245004300163250001200206260003900218300002100257520083900278856008201117942001201199999001701211952011501228952011501343ASIN145165110420170105102854.0130826s2012 xxu eng d a1451651104 (hardcover)c$30.00 a9781451651102 (hardcover) a01 aWoodward, Bob.14aThe price of politics /cBob Woodward. a1st ed. a[S.l.] :bSimon & Schuster,c2012. a448 p. ;c24 cm. aBased on 18 months of reporting, Woodward's 17th book The Price of Politics is an intimate, documented examination of how President Obama and the highest profile Republican and Democratic leaders in the United States Congress attempted to restore the American economy and improve the federal government’s fiscal condition over three and one half years. Drawn from memos, contemporaneous meeting notes, emails and in-depth interviews with the central players, The Price of Politics addresses the key issue of the presidential and congressional campaigns: the condition of the American economy and how and why we got there. Providing verbatim, day-by-day, even hour-by-hour accounts, the book shows what really happened, what drove the debates, negotiations and struggles that define, and will continue to define, the American future.403Amazon.comuhttp://www.amazon.com/exec/obidos/ASIN/1451651104/chopaconline-20 2ddccBK c14417d14417 001040708NFICaCIPSbCIPScGENd2013-08-26l0o973.932092 WOO 2012pCIPS0000763r2013-08-26w2013-08-26yBK 001040708NFICaCIPSbCIPScGENd2013-10-01l0o973.932092 WOO 2012pCIPS0001598r2013-10-25w2013-10-25yBK